Normal view MARC view
  • Sustainable Buildings Task Group

Entry Corporate Name

Number of records used in: 1

001 - CONTROL NUMBER

  • control field: 4645

003 - CONTROL NUMBER IDENTIFIER

  • control field: SIRSI

005 - DATE AND TIME OF LATEST TRANSACTION

  • control field: 20190806150235.0

008 - FIXED-LENGTH DATA ELEMENTS

  • fixed length control field: 040913n| aaannaabn |n ana d

040 ## - CATALOGING SOURCE

  • Original cataloging agency: OSt
  • Transcribing agency: OSt

110 ## - HEADING--CORPORATE NAME

  • Corporate name or jurisdiction name as entry element: Sustainable Buildings Task Group

670 ## - SOURCE DATA FOUND

  • Source citation: Better buildings - better lives, 2004